N° des joueurs de Rennes 2020-2021 - Statistiques

Statistiques générales
  • Ce quiz a été pris 124 fois
  • Le résultat moyen est 8 sur 27
Statistiques - réponses
Joueurs % Correct
14 Benjamin Bourigeaud
74%
1 Romain Salin
72%
7 Martin Terrier
55%
10 Eduardo Camavinga
54%
27 Hamari Traore
54%
3 Damien Da Silva
52%
6 Nayef Aguerd
48%
9 Serhou Guirassy
46%
11 M'Baye Niang
42%
16 Alfred Gomis
38%
20 Flavien Tait
33%
18 Jérémy Doku
30%
8 Clément Grenier
29%
23 Adrien Hunou
27%
28 Jonas Martin
23%
31 Adrien Truffert
19%
4 Gerzino Nyamsi
19%
22 Romain DEl Castillo
19%
12 James Lea Siliki
18%
17 Faitout Maouassa
16%
15 Steven Nzonzi
15%
35 Georginio Rutter
14%
5 Dalbert
12%
30 Pepe Bonet
12%
19 Yann Gboho
6%
34 Brandon Soppy
5%
24 Daniele Rugani
5%
Aucun quiz correspondant
Distribution des résultats
% des personnes avec chaque résultat
Percentile par nombre de réponses
Votre historique - résultats
Vous n’avez pas pris ce quiz